000 00350nam a2200121Ia 4500
008 191111s9999 xx 000 0 und d
020 _a9789719811848
100 _aCorpuz, Ronald M.
245 _cRonald M. Corpuz.--
_aUnderstanding the self /
260 _aQuezon City :
_bC & E Publishing, Inc.
_c2019
300 _axiii, 261 pages.
650 _aSelf
999 _c362633
_d362633